Statistiques concernant Tous les candidats de Koh-Lanta (ordre alphabétique)

Cliquez ici pour prendre le quiz!

Statistiques générales

  • Ce quiz a été pris 820 fois
    (225 depuis la dernière actualisation)
  • Le résultat moyen est 241 sur 465

Statistiques - réponses

HintRéponse% Correct
VietnamClaude
92%
Les chasseurs d'immunitéJean
87%
Bocas del Toro | L'île au trésor | Le feu sacré | Les chasseurs d'immunitéJulie
86%
L'île au trésorLau
85%
Les armes secrètesLaure
80%
PalawanAli
78%
Bocas del Toro | L'île au trésor | L'île des héros | +3 othersAlexandra
76%
Le feu sacré | PacifiqueClémence
76%
L'île des héros | Les armes secrètes | Les aventuriers de Koh-Lanta | +2 othersMarie
76%
VanuatuNico
75%
L'île des hérosSam
75%
Bocas del Toro | La guerre des chefs | Le feu sacré | PalauAlexandre
73%
Cambodge | Caramoan | La guerre des chefs | +2 othersFrédéric
73%
L'île au trésor | Les 4 Terres | Palawan | Raja AmpatLaurent
73%
Raja AmpatTeheiura
73%
CambodgeClémentine
72%
Le totem maudit | Les 4 TerresFrançois
72%
Les chasseurs d'immunitéLéa
72%
Fidji | La guerre des chefs | Le totem maudit | +2 othersMaxime
72%
Bocas del ToroMoundir
72%
La guerre des chefs | Le feu sacré | Le totem maudit | +3 othersNicolas
72%
MalaisieUgo
72%
VietnamAurélie
71%
Les 4 Terres | Les armes secrètes | PacifiqueMathieu
71%
Le totem maudit | Les chasseurs d'immunitéPauline
70%
Bocas del Toro | Malaisie | Panama | VietnamPhilippe
70%
Bocas del Toro | Cambodge | Fidji | +4 othersSébastien
70%
Les chasseurs d'immunité | PacifiqueAlexis
69%
Johor | L'île au trésor | L'île des héros | Raja AmpatBenoît
69%
La guerre des chefs | PacifiqueMohamed
69%
CaramoanBertrand
68%
Le feu sacré | Raja AmpatMartin
68%
Palau | ThaïlandePascal
68%
MalaisieSara
68%
Bocas del Toro | L'île au trésor | Les armes secrètesCandice
67%
Les aventuriers de Koh-Lanta | Les chasseurs d'immunitéDavid
67%
Bocas del ToroMoussa
67%
L'île au trésor | PalauFreddy
66%
Caramoan | JohorJessica
66%
FidjiMel
66%
Les aventuriers de Koh-Lanta | Les chasseurs d'immunitéWilliam
66%
Les chasseurs d'immunitéAlicia
65%
La guerre des chefs | Les armes secrètes | Les chasseurs d'immunitéAurélien
65%
L'île au trésorJérémy
65%
Johor | Les 4 TerresLoïc
65%
JohorMarc
65%
Palau | PalawanPatrick
65%
Nicoya | PacifiquePierre
65%
La guerre des chefsSteeve
65%
Cambodge | Les armes secrètesVincent
65%
NicoyaAmel
63%
Les chasseurs d'immunitéCécile
63%
Le choc des héros | VietnamFrédérique
63%
Les 4 TerresLola
63%
Fidji | Les armes secrètesThomas
63%
PacifiqueCoumba
62%
Les chasseurs d'immunitéSarah
62%
Les chasseurs d'immunitéAmri
61%
CambodgeDylan
61%
L'île des hérosEric
61%
PalawanErick
61%
Les chasseurs d'immunitéMégane
61%
Caramoan | Les chasseurs d'immunité | Panama | VanuatuNathalie
61%
La guerre des chefs | NicoyaXavier
61%
La guerre des chefs | Les 4 Terres | MalaisieBrice
60%
La guerre des chefs | Les chasseurs d'immunité | VanuatuEmilie
60%
Johor | PanamaAlban
59%
Malaisie | Palau | Raja AmpatAnthony
59%
JohorCédric
59%
Caramoan | JohorChristophe
59%
L'île au trésorJesta
59%
FidjiAndré
58%
MalaisieCamille
58%
Palau | ThaïlandeJulien
58%
Les armes secrètesLucie
58%
Cambodge | Le totem mauditBastien
57%
Malaisie | NicoyaBernard
57%
La guerre des chefs | PalawanChloé
57%
CaramoanChristelle
57%
La guerre des chefsCindy
57%
Les 4 TerresDorian
57%
L'île des hérosInès
57%
PalawanJade
57%
PalawanKevin
57%
La guerre des chefs | NicoyaMaud
57%
Les chasseurs d'immunitéMeïssa
57%
Les chasseurs d'immunitéOcéane
57%
Les 4 Terres | PalawanAdrien
56%
FidjiFabian
56%
MalaisieJavier
56%
Fidji | Palau | VietnamMarine
56%
CambodgeMathilde
56%
JohorMélissa
56%
Le feu sacréQuentin
56%
Fidji | Les aventuriers de Koh-Lanta | ThaïlandeRomain
56%
Les chasseurs d'immunité | Raja Ampat | ThaïlandeSteve
56%
MalaisieCharles
55%
Bocas del Toro | Fidji | L'île des hérosDelphine
55%
ThaïlandeGabriel
55%
PalawanGrégoire
55%
JohorJeff
55%
Fidji | Malaisie | PalawanMélanie
55%
PanamaRaphaël
55%
Les 4 TerresAlix
54%
Les 4 TerresBertrand-Kamal
54%
Le totem maudit | Nicoya | ThaïlandeCéline
54%
JohorChantal
54%
Bocas del Toro | Johor | Nicoya | PalauIsabelle
54%
Le feu sacréLaura
54%
Thaïlande | VietnamLaurence
54%
L'île des hérosNaoil
54%
Bocas del Toro | Caramoan | L'île des hérosValérie
54%
La guerre des chefs | Les 4 TerresAngélique
53%
La guerre des chefs | NicoyaBéatrice
53%
Caramoan | Les 4 Terres | ThaïlandeCarole
53%
Malaisie | Panama | Raja Ampat | VanuatuCatherine
53%
La guerre des chefsCyril
53%
Les 4 TerresFabrice
53%
Raja AmpatFlorence
53%
PacifiqueFrancis
53%
Raja AmpatGérard
53%
Le feu sacré | Les aventuriers de Koh-LantaGilles
53%
ThaïlandeKarima
53%
Les armes secrètesMaxine
53%
Raja AmpatOlivier
53%
Bocas del Toro | L'île au trésor | La guerre des chefs | PanamaSophie
53%
L'île au trésor | Les aventuriers de Koh-LantaStéphane
53%
La guerre des chefsVictor
53%
L'île des hérosCharlotte
52%
PalauChristina
52%
L'île au trésor | PacifiqueJérôme
52%
VanuatuKarine
52%
L'île au trésor | Le choc des héros | Les armes secrètes | +2 othersMyriam
52%
MalaisieNamadia
52%
Les 4 TerresSamuel
52%
Pacifique | Palawan | VietnamVéronique
52%
Caramoan | Thaïlande | Vanuatu | VietnamAlain
51%
Johor | L'île au trésorBruno
51%
Fidji | Nicoya | Pacifique | Raja AmpatCaroline
51%
ThaïlandeCécilia
51%
Le feu sacré | PacifiqueChristine
51%
Cambodge | PalauClaire
51%
CambodgeCorentin
51%
Cambodge | Le totem mauditFranck
51%
Le choc des hérosFrank
51%
Fidji | L'île au trésorSandrine
51%
Le feu sacréTania
51%
Malaisie | PacifiqueThierry
51%
FidjiTiffany
51%
CambodgeYves
51%
L'île des hérosAhmad
49%
Les aventuriers de Koh-LantaSandra
49%
Le totem mauditStéphanie
49%
PanamaAmélie
48%
Les 4 TerresAubin
48%
La guerre des chefsCarinne
48%
Les aventuriers de Koh-LantaFrançoise
48%
Les armes secrètesMagali
48%
FidjiMagalie
48%
Bocas del ToroMichel
48%
Les aventuriers de Koh-Lanta | Raja AmpatPatricia
48%
Les chasseurs d'immunitéRicky
48%
CambodgeSandro
48%
L'île au trésor | Le totem mauditYannick
48%
Les 4 TerresAva
47%
ThaïlandeCassandre
47%
Les armes secrètesJonathan
47%
FidjiManu
47%
Caramoan | L'île des hérosRégis
47%
VietnamWafa
47%
ThaïlandeWendy
47%
CambodgeYassin
47%
Le feu sacré | Le totem mauditBenjamin
46%
Les 4 Terres | VanuatuEstelle
46%
PalauFabienne
46%
Les 4 TerresHadja
46%
JohorCharlaine
45%
CaramoanCharlène
45%
La guerre des chefsClo
45%
JohorCorinne
45%
Le feu sacré | Les armes secrètes | MalaisieElodie
45%
Le totem maudit | Les aventuriers de Koh-LantaGéraldine
45%
Raja AmpatLisa
45%
JohorManon
45%
Raja Ampat | VietnamVirginie
45%
ThaïlandeCarine
44%
Le totem mauditJean-Charles
44%
L'île au trésor | Les aventuriers de Koh-LantaJean-Luc
44%
L'île des hérosJoseph
44%
CambodgeKelly
44%
CambodgeMaria
44%
VietnamValentin
44%
Les armes secrètesArnaud
43%
VanuatuFrancois-David
43%
PalauRaphaële
43%
MalaisieVanessa
43%
VietnamKunlé
42%
VanuatuLudovic
42%
Le totem mauditAmbre
41%
Raja AmpatGégé
41%
Les aventuriers de Koh-Lanta | PanamaGuillaume
41%
PalawanPascale
41%
L'île des hérosPholien
41%
Bocas del Toro | PacifiqueSylvie
41%
Bocas del ToroTony
41%
Les 4 TerresDiane
40%
CambodgeHada
40%
VietnamJean-Pierre
40%
Les 4 TerresJoaquina
40%
Les 4 TerresMarie-France
40%
MalaisieNadine
40%
Les armes secrètesShanice
40%
Le feu sacré | Le totem mauditAnne-Sophie
39%
CambodgeBrahma
39%
ThaïlandeCharlie
39%
Le totem mauditColin
39%
Les aventuriers de Koh-LantaGaël
39%
La guerre des chefsAliséa
38%
ThaïlandeAmir
38%
JohorBabeth
38%
Raja AmpatElla
38%
Le feu sacréEsteban
38%
Les aventuriers de Koh-LantaGuénaëlle
38%
Le feu sacréHelena
38%
Bocas del ToroHélène
38%
Les armes secrètesHervé
38%
ThaïlandeLaureen
38%
ThaïlandeLolo
38%
JohorMargot
38%
FidjiMarguerite
38%
VietnamAudrey
37%
ThaïlandeHuw
37%
VietnamJennifer
37%
Les 4 TerresJody
37%
CambodgeManuella
37%
MalaisieMickaël
37%
VietnamVivien
37%
Le totem mauditLili
35%
Le totem mauditMattéo
35%
Les aventuriers de Koh-LantaMichèle
35%
Le totem mauditOlga
35%
PanamaRomuald
35%
VietnamBoris
34%
CaramoanChristopher
34%
VanuatuJean-Claude
34%
Bocas del Toro | PanamaLinda
34%
MalaisieMarylou
34%
JohorNessim
34%
PacifiqueAude
33%
CambodgeFélicie
33%
NicoyaFrançois-Xavier
33%
VanuatuGaëlle
33%
Le totem mauditJean-Philippe
33%
FidjiMarvyn
33%
PalawanMaryline
33%
FidjiMay
33%
Le feu sacréCélia
32%
L'île des hérosClaudia
32%
Les armes secrètesFlavio
32%
Les armes secrètesGabin
32%
PalawanSimon
32%
L'île au trésorAmandine
31%
L'île au trésorBéryl
31%
Le totem mauditFouzi
31%
PalauKader
31%
Les armes secrètesLaëtitia
31%
Le totem mauditLouana
31%
ThaïlandeMarius
31%
CaramoanMorgane
31%
Raja AmpatNaouel
31%
CambodgeSabine
31%
FidjiThéotime
31%
L'île au trésorLudivine
30%
CambodgeMarjorie
30%
Le choc des hérosTaïg
30%
FidjiTugdual
30%
Raja AmpatDélisia
29%
PalawanFilomène
29%
Le feu sacréGrâce
29%
Le choc des hérosGwendal
29%
PalauRodolphe
29%
Le totem mauditSamira
29%
VietnamAbdellah
28%
Caramoan | PanamaJean-Bernard
28%
PalauJoëlle
28%
PalauLouis-Laurent
28%
FidjiMarta
28%
Les armes secrètesSylviane
28%
Le choc des hérosBetty
27%
JohorMarie-Anne
27%
PanamaOdile
27%
PacifiqueSakhone
27%
Le choc des hérosDjamel
26%
Le feu sacréEmin
26%
Le feu sacréRudy
26%
NicoyaAdonis
25%
NicoyaMarianne
25%
Bocas del ToroRichard
25%
CaramoanHakim
24%
Le totem mauditSetha
24%
Les aventuriers de Koh-LantaHarry
23%
VanuatuMama
23%
NicoyaNelly
23%
CaramoanCéga
22%
PalawanMarie-Laure
22%
CaramoanIrya
20%
NicoyaJacky
20%
PalauKaouther
20%
PacifiqueMarie-Cécile
20%
NicoyaJimmy
19%
PanamaNelson
19%
PacifiqueEliane
18%
VanuatuMika
17%
PanamaSabira
17%
PanamaVicky
17%
PanamaVidéli
14%

Distribution des résultats

Percentile par nombre de réponses

% des personnes avec chaque résultat

Votre développement - résultats

Vous n’avez pas pris ce quiz depuis la dernière actualisation